LOTR Universe: Who killed them? (Hard - Statistics

General Stats
  • This quiz has been taken 317 times
  • The average score is 10 of 21
Answer Stats
Hint Answer % Correct
Durin's Bane (Balrog at Moria) Gandalf the Gray
90%
Déagol Sméagol
86%
Smaug Bard the Bowman
82%
Witch-King of Angmar Éowyn
77%
Saruman Gríma Wormtongue
74%
Sauron (spirit) Frodo - Gollum - Eru Ilúvatar
70%
Azog Thorin II
68%
Denethor II Denethor II
63%
Thrór I Azog
59%
Fili Azog
58%
Kili Bolg
51%
Sauron (prologue) Gil-Galad - Elendil
46%
Bolg Legolas
41%
Fingolfin Morgoth
31%
Glaurung Túrin
29%
Finrod Sauron
26%
Háma Warg
22%
Ancalagon the Black Eärendil
20%
Oín Watcher in the water
19%
Beren Carcharoth
15%
Adar Glûg
3%
No matching quizzes found
Score Distribution
Percent of People with Each Score
Percentile by Number Answered
Your Score History
You have not taken this quiz